Prowincje i terytoria Kanady - Statystyki

Ogólne statystyki
  • Ten quiz został rozwiązany 14 razy
  • Średni wynik to 7 z 13
Statystyki odpowiedzi
Stolica Część Kanady % Poprawnych
Prowincja. Quebec Quebec
90%
Prowincja. Victoria Kolumbia Brytyjska
80%
Prowincja. Edmonton Alberta
70%
Prowincja. Toronto Ontario
70%
Prowincja. Regina Saskatchewan
70%
Terytorium. Whitehorse Jukon
60%
Terytorium. Iqaluit Nunavut
50%
Terytorium. Yelloknife Terytoria Północno-Zachodnie
50%
Prowincja. Charlottetown Wyspa Księcia Edwarda
50%
Prowincja. Saint John's Nowa Fundlandia i Labrador
40%
Prowincja. Halifax Nowa Szkocja
40%
Prowincja. Fredericton Nowy Brunszwik
30%
Prowincja. Winnipeg anitoba
0%
Nie znaleziono quizów pasujących do podanych kryteriów
Rozkład punktacji
Procent ludzi z każdym wynikiem
Percentyl według liczby udzielonych odpowiedzi
Twoja historia wyników
Nie rozwiązałeś tego quizu